Defining forest in Indian context as per CDM requirements (Record no. 56760)

MARC details
000 -LEADER
fixed length control field 00367nam a2200133Ia 4500
100 ## - MAIN ENTRY--AUTHOR NAME
Personal name Gera Mohit
245 #0 - TITLE STATEMENT
Title Defining forest in Indian context as per CDM requirements
260 ## - PUBLICATION, DISTRIBUTION, ETC. (IMPRINT)
Name of publisher Indian Forester
Year of publication 2007
300 ## - PHYSICAL DESCRIPTION
Number of Pages 1005-1013
650 ## - SUBJECT ADDED ENTRY--TOPICAL TERM
Topical Term Clean Development Mechanism
650 ## - SUBJECT ADDED ENTRY--TOPICAL TERM
Topical Term Kyoto Protocol
942 ## - ADDED ENTRY ELEMENTS (KOHA)
Koha item type Journals
Holdings
Withdrawn status Lost status Damaged status Not for loan Home library Current library Shelving location Date acquired Serial Enumeration / chronology Koha item type
      Journals RRII Library RRII Library Rubber general 14/11/2007 Volume 133, Issue 8 Journals